| 000 | 00681nam a2200193Ia 4500 | ||
|---|---|---|---|
| 001 | 12338 | ||
| 003 | GE_BSU | ||
| 008 | 181216s||||||||xx |||||||||||||| ||und|| | ||
| 040 | _cGE_BSU | ||
| 080 | _a631.46 | ||
| 100 | _aЛитвинов, М.А. | ||
| 245 | _aОпределитель микроскопических почвенных грибов:(порядок Moniliales,за исключением подсемейства Aspergilleae) | ||
| 260 | _aЛенинград | ||
| 260 | _bНаука | ||
| 260 | _c1967 | ||
| 300 | _a302стр.илл.27см. | ||
| 653 | _aОпределитель микроскопических почвенных грибов | ||
| 942 | _cBK | ||
| 999 |
_c45513 _d45513 |
||